Discursos leídos ante la Real Academia de Ciencias Morales y Políticas en la recepción pública del... Sr. D. Guillermo Joaquín de Osma y Scull el día 13 de Mayo de 1906, [discurso de contestación del Sr. D. Gumersindo de Azcarate]. (Record no. 116288)

MARC details
000 -LEADER
campo de control de longitud fija 01012nam a2200229 4500
001 - NÚMERO DE CONTROL
campo de control 116288
003 - IDENTIFICADOR DE NÚMERO DE CONTROL
campo de control ES-MaACL
005 - FECHA Y HORA DE LA ÚLTIMA TRANSACCIÓN
campo de control 20250809012558.0
007 - CAMPO FIJO DE DESCRIPCIÓN FÍSICA--INFORMACIÓN GENERAL
campo de control de longitud fija t|
008 - DATOS DE LONGITUD FIJA--INFORMACIÓN GENERAL
campo de control de longitud fija 061121s1906 sp r ||||1| spa d
100 1# - ENTRADA PRINCIPAL--NOMBRE DE PERSONA
Nombre de persona Osma, G. J. de.
9 (RLIN) 87757
245 13 - MENCIÓN DEL TÍTULO
Título Discursos leídos ante la Real Academia de Ciencias Morales y Políticas en la recepción pública del... Sr. D. Guillermo Joaquín de Osma y Scull el día 13 de Mayo de 1906, [discurso de contestación del Sr. D. Gumersindo de Azcarate].
260 ## - PUBLICACIÓN, DISTRIBUCIÓN, ETC.
Lugar de publicación, distribución, etc. Madrid :
Nombre del editor, distribuidor, etc. [s.n.],
Fecha de publicación, distribución, etc. 1906 (
Fabricante Imp. de los Hijos de M.G. Hernández)
300 ## - DESCRIPCIÓN FÍSICA
Extensión 84 p. ;
Dimensiones 27 cm.
500 ## - NOTA GENERAL
Nota general Tema- La protección arancelaria. Análisis de un corte y de su justificación.
650 #7 - PUNTO DE ACCESO ADICIONAL DE MATERIA--TÉRMINO DE MATERIA
Término de materia o nombre geográfico como elemento de entrada Aranceles de aduanas
Fuente del encabezamiento o término embne
9 (RLIN) 135594
700 1# - ENTRADA AGREGADA--NOMBRE PERSONAL
Nombre de persona Azcárate, Gumersindo de,
Fechas asociadas al nombre 1840-1917
9 (RLIN) 24243
710 2# - ENTRADA AGREGADA--NOMBRE DE ENTIDAD CORPORATIVA
Nombre de entidad corporativa o nombre de jurisdicción como elemento de entrada Real Academia de Ciencias Morales y Políticas (España)
9 (RLIN) 222050
852 ## - LOCALIZACIÓN
Ubicación ES-MaACL
Número de control de estantería L-4915(23-1)
Nota libre .- Donativo Roda
942 ## - ELEMENTOS DE ENTRADA SECUNDARIOS (KOHA)
Fuente del sistema de clasificación o colocación Clasificación decimal universal
Holdings
Estatus retirado Estado de pérdida Estado de daño No para préstamo Biblioteca de origen Biblioteca actual Ubicación en estantería Fecha de adquisición Fuente de adquisición Total de préstamos Signatura topográfica completa Código de barras Visto por última vez Precio de reemplazo Tipo de ítem Koha
        Biblioteca del Ateneo de Madrid Biblioteca del Ateneo de Madrid Depósito 2 17/01/2008     L-4915(23-1) 1121264 23/02/2023 23/02/2023 Libro impreso